000 02007nam a2200313Ia 4500
999 _c45439
_d45439
001 12263
003 GE_BSU
005 20240702114751.0
008 181216s2012||||geo|||||||||||||| ||ge ||
040 _cGE_BSU
041 _ageo
080 _a003.628+003.212+001.94+930.85 ვ-25
100 _aვაშაკიძე, გიზო
_918781
245 _aფესტოსის დისკო = Phaistos disc :
_bგზავნილი გალაქტიკიდან /
_cგიზო ვაშაკიძე ; რედ. გიორგი ბოჭორიშვილი ; თარგმანი ფარიზა ალბოროვა ; ფოტო დავით გოგუაძე.
264 _aთბილისი :
_b[?],
_c2012.
300 _a75 გვ. :
_bილ. ;
_c29 სმ.
500 _aთავფურ. ავტ. აღნიშნული არ არის
500 _a ყდის პირველ გვერდზე : ფესტოსის დისკოს "ა" გვერდი ყდის მეოთხე გვერდზე : ფესტოსის დისკოს "ბ" გვერდი
500 _a დანართი : გვ. 73-74
501 _aბიბლიოგრ. : გვ. 75
546 _aთავფურცელი და ტექსტი ქართულ და ინგლისურ ენებზე
653 _aსამყაროს ამოუხსნელი მოვლენები
653 _aცივილიზაციის ისტორია
653 _aწერის პიქტოგრაფიული სისტემები
700 _aბოჭორიშვილი, გიორგი
_eრედაქტორი
_922608
700 _aალბოროვა, ფარიზა
_eმთარგმნელი
_922645
700 _aგოგუაძე, დავით
_eფოტო.
_922646
942 _cBK
_2udc